000 00204nam a22000977a 4500
003 SGT
245 _aTHE INDIAN JOURNAL OF PEDIATRICS
260 _aINDIA
_bSPRINGER
_c2010
300 _a466
942 _2ddc
_cBV
999 _c19600
_d19600